[Event "BL2-Ost 1920"]
[Site "Germany"]
[Date "2019.11.24"]
[Round "4.8"]
[White "Spiess, Gunter"]
[Black "Firlbeck, Hubert"]
[Result "1-0"]
[WhiteElo "2394"]
[BlackElo "2082"]
[PlyCount "103"]
[EventDate "2019.10.19"]
[EventType "team-tourn"]
[EventRounds "11"]
[EventCountry "GER"]
[SourceTitle "CBM 194 Extra"]
[Source "ChessBase"]
[SourceDate "2020.03.31"]
[SourceVersion "1"]
[SourceVersionDate "2020.03.31"]
[SourceQuality "1"]
[WhiteTeam "Nickelhuette Aue"]
[BlackTeam "Deggendorf"]
[WhiteTeamCountry "GER"]
[BlackTeamCountry "GER"]

1. d4 Nf6 2. Nf3 e6 3. c4 Bb4+ 4. Nbd2 d5 5. Qc2 0-0 6. g3 Ne4 7. Bg2 f5 8. 0-0 Bd6 9. Ne1 Nc6 10. e3 Nb4 11. Qb1 a5 12. a3 Na6 13. cxd5 exd5 14. Qa2 Nf6 15. Bxd5+ Nxd5 16. Qxd5+ Kh8 17. Nc4 Rf6 18. Nxd6 Rxd6 19. Qe5 Rd5 20. Qf4 c5 21. Nf3 h6 22. Qh4 Qxh4 23. Nxh4 cxd4 24. Ng6+ Kh7 25. Nf4 Rd6 26. exd4 g5 27. Ne2 Be6 28. Re1 Nc7 29. Nc3 Rxd4 30. Be3 Rd7 31. Bb6 Bb3 32. Re5 Nd5 33. Nxd5 Rxd5 34. Re7+ Kg6 35. Rae1 Rd6 36. Bc7 Rc6 37. Be5 Rac8 38. Bc3 b6 39. f3 a4 40. Rg7+ Kh5 41. h3 Rxc3 42. bxc3 Rxc3 43. Kf2 Bc4 44. g4+ Kh4 45. gxf5 Bd5 46. Re3 Rc2+ 47. Ke1 Kg3 48. Rd7 Kf4 49. Re2 Rc5 50. f6 Bxf3 51. f7 Rf5 52. Re8 1-0

[Event "BL2-Ost 1920"]
[Site "Germany"]
[Date "2019.11.23"]
[Round "3.8"]
[White "Firlbeck, Hubert"]
[Black "Voekler, Bernd"]
[Result "1/2-1/2"]
[WhiteElo "2082"]
[BlackElo "2359"]
[PlyCount "70"]
[EventDate "2019.10.19"]
[EventType "team-tourn"]
[EventRounds "11"]
[EventCountry "GER"]
[SourceTitle "CBM 194 Extra"]
[Source "ChessBase"]
[SourceDate "2020.03.31"]
[SourceVersion "1"]
[SourceVersionDate "2020.03.31"]
[SourceQuality "1"]
[WhiteTeam "Deggendorf"]
[BlackTeam "Erfurt"]
[WhiteTeamCountry "GER"]
[BlackTeamCountry "GER"]

1. d4 Nf6 2. Nf3 g6 3. Bg5 Bg7 4. Nbd2 d6 5. e4 0-0 6. c3 Nbd7 7. Be2 e5 8. dxe5 dxe5 9. Qc2 Qe8 10. 0-0 h6 11. Bh4 Nh5 12. Rfe1 Nf4 13. Bf1 Nc5 14. b4 Nce6 15. Nc4 f6 16. Nfd2 Ng5 17. f3 Be6 18. Nb3 b6 19. Ne3 Qf7 20. Bb5 Kh7 21. Rad1 Rad8 22. Bc6 Qe7 23. Bg3 Nh5 24. Nd5 Bxd5 25. Bxd5 Nxg3 26. hxg3 Rd7 27. Nd2 Nf7 28. Nf1 h5 29. Ne3 Bh6 30. Qe2 Bxe3+ 31. Qxe3 Rfd8 32. Kf2 c6 33. Bb3 Rxd1 34. Rxd1 Rxd1 35. Bxd1 Qd6 1/2-1/2

[Event "Landesliga Sued 1516"]
[Site "Bayern"]
[Date "2016.04.10"]
[Round "9.6"]
[White "Firlbeck, Hubert"]
[Black "Reisser, Simon"]
[Result "1-0"]
[WhiteElo "2080"]
[BlackElo "1925"]
[PlyCount "73"]
[EventDate "2015.10.11"]
[EventType "team-tourn"]
[EventRounds "9"]
[EventCountry "GER"]
[SourceTitle "EXT 2018"]
[Source "ChessBase"]
[SourceDate "2017.10.13"]
[SourceVersion "1"]
[SourceVersionDate "2017.10.13"]
[SourceQuality "1"]
[WhiteTeam "Deggendorf"]
[BlackTeam "Trostberg"]
[WhiteTeamCountry "GER"]
[BlackTeamCountry "GER"]

1. d4 Nf6 2. Nf3 d5 3. c4 dxc4 4. Qa4+ Bd7 5. Qxc4 e6 6. g3 Bc6 7. Bg2 Be7 8. 0-0 0-0 9. Nc3 Nbd7 10. Qd3 Rc8 11. Rd1 b6 12. e4 Ba8 13. a3 c5 14. d5 exd5 15. exd5 Bd6 16. Qf5 Re8 17. Bh3 Bb7 18. Bf4 Bxf4 19. Qxf4 c4 20. Rd4 Rc5 21. Rad1 b5 22. g4 Nb6 23. d6 Nfd5 24. Qg3 Nxc3 25. bxc3 Rd5 26. Bg2 Rxd4 27. Nxd4 Bxg2 28. Kxg2 Qd7 29. Nf5 Nc8 30. Qf4 Re6 31. Ne7+ Kf8 32. Nf5 Kg8 33. Ne7+ Kf8 34. Nxc8 Qxc8 35. d7 Qd8 36. Qd4 a6 37. Qc5+ 1-0

[Event "Landesliga Sued 1516"]
[Site "Bayern"]
[Date "2015.11.15"]
[Round "3.5"]
[White "Spiesberger, Gerhard"]
[Black "Firlbeck, Hubert"]
[Result "0-1"]
[WhiteElo "2055"]
[BlackElo "2080"]
[PlyCount "96"]
[EventDate "2015.10.11"]
[EventType "team-tourn"]
[EventRounds "9"]
[EventCountry "GER"]
[SourceTitle "EXT 2018"]
[Source "ChessBase"]
[SourceDate "2017.10.13"]
[SourceVersion "1"]
[SourceVersionDate "2017.10.13"]
[SourceQuality "1"]
[WhiteTeam "Rottal"]
[BlackTeam "Deggendorf"]
[WhiteTeamCountry "GER"]
[BlackTeamCountry "GER"]

1. e4 c5 2. c3 d6 3. d4 Nd7 4. Nf3 g6 5. Bc4 e6 6. 0-0 Bg7 7. Re1 Ne7 8. Ng5 0-0 9. Bxe6 fxe6 10. Nxe6 Qb6 11. dxc5 Nxc5 12. Nxf8 Bxf8 13. b4 Nd7 14. Be3 Qc6 15. Qb3+ d5 16. Nd2 Nb6 17. exd5 Qxd5 18. Bd4 Qxb3 19. axb3 Nbd5 20. c4 Nxb4 21. Rxa7 Rxa7 22. Bxa7 Nec6 23. Bb6 Kf7 24. Ne4 Nd3 25. Re3 Nc1 26. Bc5 Bxc5 27. Nxc5 Nd4 28. Kf1 b6 29. Ne4 Ba6 30. Nd2 Ncxb3 31. Nf3 Bxc4+ 32. Kg1 Nxf3+ 33. Rxf3+ Kg7 34. Re3 Kf7 35. f3 b5 36. Kf2 Nc5 37. Ke1 Ne6 38. Kd2 Nf4 39. g3 Nd5 40. Re4 Nf6 41. Re5 Nd7 42. Re4 Kf6 43. Kc3 Ne5 44. Kd4 Nxf3+ 45. Kc3 g5 46. h4 Kf5 47. Re7 gxh4 48. gxh4 h5 0-1

[Event "Landesliga Sued 1415"]
[Site "Bayern"]
[Date "2015.03.15"]
[Round "8.5"]
[White "Bauer, Robert"]
[Black "Firlbeck, Hubert"]
[Result "1/2-1/2"]
[WhiteElo "2101"]
[BlackElo "2080"]
[PlyCount "75"]
[EventDate "2014.10.19"]
[EventType "team-tourn"]
[EventRounds "9"]
[EventCountry "GER"]
[SourceTitle "EXT 2018"]
[Source "ChessBase"]
[SourceDate "2017.10.13"]
[SourceVersion "1"]
[SourceVersionDate "2017.10.13"]
[SourceQuality "1"]
[WhiteTeam "Freising"]
[BlackTeam "Deggendorf"]
[WhiteTeamCountry "GER"]
[BlackTeamCountry "GER"]

1. e4 c5 2. Nf3 d6 3. d4 Nf6 4. Nc3 cxd4 5. Nxd4 a6 6. Bg5 e6 7. f4 Be7 8. Qf3 Qa5 9. 0-0-0 Bd7 10. Bxf6 gxf6 11. Nb3 Qc7 12. Qh5 Nc6 13. f5 Ne5 14. fxe6 Bxe6 15. Nd5 Bxd5 16. Rxd5 Rc8 17. Nd4 Rg8 18. Qxh7 Rg6 19. c3 Bd8 20. Nf5 Qb6 21. Qh3 Rc6 22. Rd4 Qa5 23. Kb1 Rb6 24. Nh4 Rg4 25. Ka1 Qc5 26. b4 Qc6 27. Kb2 Rf4 28. Nf3 Ke7 29. Nxe5 Rf2+ 30. Kb3 dxe5 31. Rc4 Qe6 32. Qe3 Rf4 33. Qc5+ Qd6 34. Qc8 Qd1+ 35. Ka3 Qc1+ 36. Kb3 Qb1+ 37. Ka3 Qc1+ 38. Kb3 1/2-1/2

[Event "Landesliga Sued 1415"]
[Site "Bayern"]
[Date "2015.01.18"]
[Round "5.5"]
[White "Firlbeck, Hubert"]
[Black "Knechtel, Roland"]
[Result "0-1"]
[WhiteElo "2080"]
[BlackElo "2225"]
[PlyCount "90"]
[EventDate "2014.10.19"]
[EventType "team-tourn"]
[EventRounds "9"]
[EventCountry "GER"]
[SourceTitle "EXT 2018"]
[Source "ChessBase"]
[SourceDate "2017.10.13"]
[SourceVersion "1"]
[SourceVersionDate "2017.10.13"]
[SourceQuality "1"]
[WhiteTeam "Deggendorf"]
[BlackTeam "Roehrnbach"]
[WhiteTeamCountry "GER"]
[BlackTeamCountry "GER"]

1. d4 Nf6 2. Nf3 e6 3. c4 d5 4. e3 Be7 5. Nbd2 Nbd7 6. Bd3 0-0 7. 0-0 c5 8. cxd5 exd5 9. b3 b6 10. Bb2 Bb7 11. Rc1 Bd6 12. Ne5 Re8 13. f4 Rc8 14. Rf3 Nf8 15. Rh3 cxd4 16. exd4 Ne6 17. Bxh7+ Kf8 18. Bf5 Rxc1 19. Qxc1 Nxf4 20. Rh8+ Ke7 21. Rxe8+ Qxe8 22. Qe1 Kd8 23. Qh4 Ne6 24. Qh8 Ke7 25. Qxe8+ Nxe8 26. Nf1 N8c7 27. Ne3 g6 28. Bg4 Nb5 29. Nf3 f5 30. Bh3 Nf4 31. a4 Nc7 32. Ne5 Kf6 33. Nd7+ Ke6 34. Ne5 Bxe5 35. dxe5 Nd3 36. Ba3 Kxe5 37. g4 f4 38. Nf1 Ne6 39. Nd2 Kd4 40. Bd6 Kc3 41. Nf3 d4 42. Ne5 Nxe5 43. Bxe5 Kxb3 44. Bf1 Be4 45. Kf2 d3 0-1

[Event "Regionalliga SO 1314"]
[Site "Bayern"]
[Date "2014.03.16"]
[Round "8.5"]
[White "Firlbeck, Hubert"]
[Black "Gschwendtner, Klaus"]
[Result "0-1"]
[WhiteElo "2075"]
[BlackElo "2030"]
[PlyCount "60"]
[EventDate "2013.10.13"]
[EventType "team-tourn"]
[EventRounds "9"]
[EventCountry "GER"]
[SourceTitle "EXT 2015"]
[Source "ChessBase"]
[SourceDate "2014.11.20"]
[SourceVersion "1"]
[SourceVersionDate "2014.11.20"]
[SourceQuality "1"]
[WhiteTeam "Deggendorf"]
[BlackTeam "Starnberger See"]
[WhiteTeamCountry "GER"]
[BlackTeamCountry "GER"]

1. e4 e5 2. Nc3 Nf6 3. f4 d5 4. fxe5 Nxe4 5. Qf3 Nxc3 6. bxc3 c5 7. Bb5+ Bd7 8. Bxd7+ Qxd7 9. Ne2 Be7 10. 0-0 0-0 11. Nf4 d4 12. Qg3 Qc6 13. Bb2 dxc3 14. Bxc3 Qh6 15. Nd5 Bh4 16. Qg4 Nc6 17. Rf4 Bg5 18. Rf5 Bxd2 19. Bxd2 Qxd2 20. Rd1 Qxc2 21. Rg5 g6 22. Rf1 Qd3 23. Nf6+ Kh8 24. Rf4 Rad8 25. h3 Qd1+ 26. Kh2 Qxg4 27. Rfxg4 Rd4 28. Rh5 gxh5 29. Rg5 h6 30. Rxh5 Kg7 0-1

[Event "Regionalliga SO 1314"]
[Site "Bayern"]
[Date "2013.12.15"]
[Round "4.4"]
[White "Jergler, Karl Heinz"]
[Black "Firlbeck, Hubert"]
[Result "1/2-1/2"]
[WhiteElo "2090"]
[BlackElo "2075"]
[PlyCount "27"]
[EventDate "2013.10.13"]
[EventType "team-tourn"]
[EventRounds "9"]
[EventCountry "GER"]
[SourceTitle "EXT 2015"]
[Source "ChessBase"]
[SourceDate "2014.11.20"]
[SourceVersion "1"]
[SourceVersionDate "2014.11.20"]
[SourceQuality "1"]
[WhiteTeam "Waldkraiburg"]
[BlackTeam "Deggendorf"]
[WhiteTeamCountry "GER"]
[BlackTeamCountry "GER"]

1. e4 d6 2. d4 Nf6 3. Nc3 e5 4. Nf3 Nbd7 5. Bc4 Be7 6. 0-0 0-0 7. Re1 c6 8. a4 a5 9. Qe2 exd4 10. Nxd4 Re8 11. Bg5 Qc7 12. Qd2 Bf8 13. Rad1 Ng4 14. Ba2 1/2-1/2

[Event "Regionalliga SO 1314"]
[Site "Bayern"]
[Date "2013.11.10"]
[Round "2.5"]
[White "Firlbeck, Hubert"]
[Black "Gil, Arthur"]
[Result "1-0"]
[WhiteElo "2075"]
[BlackElo "1986"]
[PlyCount "69"]
[EventDate "2013.10.13"]
[EventType "team-tourn"]
[EventRounds "9"]
[EventCountry "GER"]
[SourceTitle "EXT 2015"]
[Source "ChessBase"]
[SourceDate "2014.11.20"]
[SourceVersion "1"]
[SourceVersionDate "2014.11.20"]
[SourceQuality "1"]
[WhiteTeam "Deggendorf"]
[BlackTeam "Ebersberg Grafing"]
[WhiteTeamCountry "GER"]
[BlackTeamCountry "GER"]

1. d4 Nf6 2. c4 c5 3. d5 b5 4. Qc2 d6 5. e4 bxc4 6. Bxc4 g6 7. Bd2 Bg7 8. Bc3 0-0 9. Nf3 e6 10. dxe6 Bxe6 11. Bxe6 fxe6 12. e5 Nd5 13. exd6 Nxc3 14. Nxc3 Nc6 15. Rd1 Rb8 16. Qe2 Nd4 17. Nxd4 cxd4 18. Ne4 Qa5+ 19. b4 Qxb4+ 20. Qd2 Qc4 21. Qe2 Qd5 22. 0-0 Rf4 23. f3 Be5 24. Rfe1 Rf5 25. Qa6 Rh5 26. h3 Kg7 27. Rb1 Rb6 28. Qxa7+ Kh6 29. Rxb6 d3 30. Rb4 Rh4 31. Rd1 Bxd6 32. Rd4 Bc5 33. Qxc5 Qxc5 34. Nxc5 Rxd4 35. Rxd3 1-0

[Event "Regionalliga SO 1213"]
[Site "Bayern"]
[Date "2013.02.24"]
[Round "7.4"]
[White "Firlbeck, Hubert"]
[Black "Jergler, Karl Heinz"]
[Result "1/2-1/2"]
[WhiteElo "2061"]
[BlackElo "2110"]
[PlyCount "22"]
[EventDate "2012.10.14"]
[EventType "team-tourn"]
[EventRounds "9"]
[EventCountry "GER"]
[SourceTitle "EXT 2015"]
[Source "ChessBase"]
[SourceDate "2014.11.20"]
[SourceVersion "1"]
[SourceVersionDate "2014.11.20"]
[SourceQuality "1"]
[WhiteTeam "Deggendorf"]
[BlackTeam "Waldkraiburg"]
[WhiteTeamCountry "GER"]
[BlackTeamCountry "GER"]

1. d4 Nf6 2. Nf3 g6 3. Bf4 Bg7 4. e3 0-0 5. h3 d5 6. Bd3 Nbd7 7. 0-0 c5 8. c3 b6 9. Nbd2 Bb7 10. Qe2 Re8 11. Bh2 Ne4 1/2-1/2

[Event "Regionalliga SO 1213"]
[Site "Bayern"]
[Date "2012.11.25"]
[Round "3.4"]
[White "Firlbeck, Hubert"]
[Black "Mayr, Florian"]
[Result "1-0"]
[WhiteElo "2061"]
[BlackElo "2117"]
[PlyCount "89"]
[EventDate "2012.10.14"]
[EventType "team-tourn"]
[EventRounds "9"]
[EventCountry "GER"]
[SourceTitle "EXT 2015"]
[Source "ChessBase"]
[SourceDate "2014.11.20"]
[SourceVersion "1"]
[SourceVersionDate "2014.11.20"]
[SourceQuality "1"]
[WhiteTeam "Deggendorf"]
[BlackTeam "Starnberger See"]
[WhiteTeamCountry "GER"]
[BlackTeamCountry "GER"]

1. e4 c5 2. Nf3 e6 3. d3 Nc6 4. g3 d5 5. Nbd2 Nf6 6. Bg2 Be7 7. 0-0 dxe4 8. dxe4 e5 9. c3 Bg4 10. Qc2 h6 11. Nc4 Qc7 12. Ne3 h5 13. h3 Bd7 14. Ng5 Nd8 15. Nd5 Nxd5 16. exd5 f6 17. Qg6+ Kf8 18. f4 Be8 19. Nh7+ Rxh7 20. Qxh7 Nf7 21. Qxh5 Kg8 22. Qe2 c4 23. Be3 Bd6 24. Kh1 Bd7 25. Qh5 Re8 26. Rae1 exf4 27. gxf4 Nh6 28. Bf2 Rxe1 29. Rxe1 Bxf4 30. d6 Bxd6 31. Qd5+ Nf7 32. Qxb7 Qxb7 33. Bxb7 Ne5 34. Bxa7 Bxh3 35. Rd1 Bc7 36. Bd5+ Kh7 37. b3 Bg4 38. Rd2 f5 39. bxc4 f4 40. Be4+ Kh6 41. Rh2+ Bh5 42. Bd4 Kg5 43. Rb2 f3 44. Rb7 f2 45. Kg2 1-0

[Event "Regionalliga SO 1112"]
[Site "Bayern"]
[Date "2012.04.15"]
[Round "9.2"]
[White "Gesing, Oliver"]
[Black "Firlbeck, Hubert"]
[Result "1/2-1/2"]
[WhiteElo "2140"]
[BlackElo "2065"]
[PlyCount "32"]
[EventDate "2011.10.02"]
[EventType "team-tourn"]
[EventRounds "9"]
[EventCountry "GER"]
[SourceTitle "EXT 2015"]
[Source "ChessBase"]
[SourceDate "2014.11.20"]
[SourceVersion "1"]
[SourceVersionDate "2014.11.20"]
[SourceQuality "1"]
[WhiteTeam "Graefelfing"]
[BlackTeam "Deggendorf"]
[WhiteTeamCountry "GER"]
[BlackTeamCountry "GER"]

1. e4 c5 2. Nc3 d6 3. g3 Nc6 4. Bg2 g6 5. d3 Bg7 6. f4 e5 7. Nf3 Nge7 8. 0-0 0-0 9. Be3 Nd4 10. Qd2 exf4 11. Bxf4 Nxf3+ 12. Rxf3 Qb6 13. Na4 Qa6 14. Nc3 Qb6 15. Na4 Qa6 16. Nc3 Qb6 1/2-1/2

[Event "Regionalliga SO 1112"]
[Site "Bayern"]
[Date "2011.11.20"]
[Round "3.2"]
[White "Sailer, Wolfgang"]
[Black "Firlbeck, Hubert"]
[Result "1-0"]
[WhiteElo "2033"]
[BlackElo "2065"]
[PlyCount "122"]
[EventDate "2011.10.02"]
[EventType "team-tourn"]
[EventRounds "9"]
[EventCountry "GER"]
[SourceTitle "EXT 2013"]
[Source "ChessBase"]
[SourceDate "2012.11.22"]
[SourceVersion "1"]
[SourceVersionDate "2012.11.22"]
[SourceQuality "1"]
[WhiteTeam "Ingolstadt II"]
[BlackTeam "Deggendorf"]
[WhiteTeamCountry "GER"]
[BlackTeamCountry "GER"]

1. d4 Nf6 2. c4 c5 3. d5 b5 4. cxb5 a6 5. Nc3 axb5 6. e4 b4 7. Nb5 d6 8. Bf4 g5 9. e5 gxf4 10. exf6 Nd7 11. Nh3 Nxf6 12. Nxf4 Bg7 13. Bc4 0-0 14. 0-0 Qd7 15. Re1 Ba6 16. Qe2 Qg4 17. g3 Qxe2 18. Bxe2 Rab8 19. Na7 Bb7 20. Bc4 Ng4 21. Nd3 Ne5 22. Nxe5 Bxe5 23. Re2 Ra8 24. Nc6 Bxc6 25. dxc6 e6 26. a4 Rfc8 27. Bb5 Kf8 28. Rd1 Ke7 29. b3 Bd4 30. Kg2 d5 31. f4 Kd6 32. Kf3 Kc7 33. g4 h6 34. h4 Kd6 35. g5 hxg5 36. fxg5 Rh8 37. Kg4 Rag8 38. Rf1 f5+ 39. Kg3 Be5+ 40. Rxe5 Kxe5 41. a5 Rg7 42. a6 Rb8 43. Ra1 Ra7 44. Ra5 Kd4 45. g6 c4 46. h5 c3 47. Be2 c2 48. Ra1 Kc3 49. h6 Kb2 50. Rh1 c1Q 51. Rxc1 Kxc1 52. Kf4 Kb2 53. Ke5 Rh8 54. g7 Re8 55. Kf6 Kxb3 56. Bd1+ Kc4 57. h7 Raa8 58. Kf7 Kb5 59. a7 Kxc6 60. Ba4+ Kc7 61. Bxe8 Rxa7 1-0

[Event "Regionalliga SO 1011"]
[Site "Bayern"]
[Date "2011.02.06"]
[Round "6.2"]
[White "Firlbeck, Hubert"]
[Black "Schmidt, Wolfgang"]
[Result "1/2-1/2"]
[WhiteElo "2070"]
[BlackElo "2235"]
[PlyCount "32"]
[EventDate "2010.10.10"]
[EventType "team-tourn"]
[EventRounds "9"]
[EventCountry "GER"]
[SourceTitle "EXT 2012"]
[Source "ChessBase"]
[SourceDate "2011.11.24"]
[SourceVersion "1"]
[SourceVersionDate "2011.11.24"]
[SourceQuality "1"]
[WhiteTeam "Deggendorf"]
[BlackTeam "Landshut"]
[WhiteTeamCountry "GER"]
[BlackTeamCountry "GER"]

1. d4 Nf6 2. Nf3 c5 3. d5 g6 4. c4 b5 5. Qc2 d6 6. e4 b4 7. a3 Bg7 8. axb4 cxb4 9. Bd3 0-0 10. 0-0 Nbd7 11. Bd2 Qb6 12. Be3 Nc5 13. Nbd2 Ng4 14. Bd4 Bxd4 15. Nxd4 Nxd3 16. Qxd3 Ne5 1/2-1/2

[Event "Regionalliga SO 1011"]
[Site "Bayern"]
[Date "2010.12.12"]
[Round "4.3"]
[White "Durakovic, Alman"]
[Black "Firlbeck, Hubert"]
[Result "1-0"]
[WhiteElo "2215"]
[BlackElo "2070"]
[PlyCount "79"]
[EventDate "2010.10.10"]
[EventType "team-tourn"]
[EventRounds "9"]
[EventCountry "GER"]
[SourceTitle "EXT 2012"]
[Source "ChessBase"]
[SourceDate "2011.11.24"]
[SourceVersion "1"]
[SourceVersionDate "2011.11.24"]
[SourceQuality "1"]
[WhiteTeam "Trostberg"]
[BlackTeam "Deggendorf"]
[WhiteTeamCountry "GER"]
[BlackTeamCountry "GER"]

1. d4 Nf6 2. c4 d6 3. Nf3 Nbd7 4. Nc3 c6 5. g3 e5 6. e4 Be7 7. Bg2 0-0 8. 0-0 a6 9. d5 c5 10. Re1 Ne8 11. Be3 g6 12. Nd2 Ng7 13. f4 f5 14. Nf3 Bf6 15. Qd2 Re8 16. Re2 Rb8 17. a4 exf4 18. Bxf4 Ne5 19. Nxe5 Bxe5 20. Rae1 Bxf4 21. Qxf4 g5 22. Qd2 Qf6 23. Rf2 Qg6 24. Rfe2 Qf6 25. Rf2 Qg6 26. Ref1 Bd7 27. Qd3 Re5 28. Qd1 Rf8 29. exf5 Rexf5 30. Be4 Rxf2 31. Rxf2 Bf5 32. Qf1 g4 33. Rf4 h5 34. Nd1 Qf6 35. Ne3 Qd4 36. Qf2 Re8 37. Nxf5 Nxf5 38. Rxf5 Qxe4 39. Rg5+ Kh7 40. Qf7+ 1-0

[Event "Regionalliga SO 0910"]
[Site "Bayern"]
[Date "2010.02.07"]
[Round "6.2"]
[White "Neubauer, Andreas"]
[Black "Firlbeck, Hubert"]
[Result "1-0"]
[WhiteElo "2069"]
[BlackElo "2070"]
[PlyCount "77"]
[EventDate "2009.10.18"]
[EventType "team-tourn"]
[EventRounds "9"]
[EventCountry "GER"]
[SourceTitle "EXT 2011"]
[Source "ChessBase"]
[SourceDate "2010.11.26"]
[SourceVersion "1"]
[SourceVersionDate "2010.11.26"]
[SourceQuality "1"]
[WhiteTeam "Landshut"]
[BlackTeam "Deggendorf"]
[WhiteTeamCountry "GER"]
[BlackTeamCountry "GER"]

1. d4 Nf6 2. Nf3 d6 3. c4 Nbd7 4. Nc3 c6 5. e4 e5 6. Be2 Be7 7. 0-0 0-0 8. Qc2 Re8 9. Rd1 Qc7 10. b3 a6 11. a4 a5 12. Ba3 Bf8 13. Rac1 exd4 14. Nxd4 Nc5 15. f3 Qb6 16. Kh1 Bd7 17. Rb1 Na6 18. Na2 d5 19. Bxf8 Kxf8 20. cxd5 cxd5 21. exd5 Rac8 22. Bc4 Kg8 23. Qd2 Re5 24. Nc3 Nb4 25. Nde2 Bf5 26. Rbc1 Qf2 27. Ng3 Qxd2 28. Rxd2 Nbxd5 29. Nxd5 Nxd5 30. f4 Nxf4 31. Nxf5 Rce8 32. Ng3 h5 33. Rf2 g5 34. h4 Re1+ 35. Rxe1 Rxe1+ 36. Kh2 gxh4 37. Rxf4 hxg3+ 38. Kxg3 Re7 39. Kh4 1-0

[Event "Regionalliga SO 0910"]
[Site "Bayern"]
[Date "2009.11.29"]
[Round "3.2"]
[White "Firlbeck, Hubert"]
[Black "Kretschel, Klaus"]
[Result "1/2-1/2"]
[WhiteElo "2070"]
[BlackElo "2033"]
[PlyCount "29"]
[EventDate "2009.10.18"]
[EventType "team-tourn"]
[EventRounds "9"]
[EventCountry "GER"]
[SourceTitle "EXT 2011"]
[Source "ChessBase"]
[SourceDate "2010.11.26"]
[SourceVersion "1"]
[SourceVersionDate "2010.11.26"]
[SourceQuality "1"]
[WhiteTeam "Deggendorf"]
[BlackTeam "Unterpfaffenhofen"]
[WhiteTeamCountry "GER"]
[BlackTeamCountry "GER"]

1. Nf3 f5 2. d3 Nf6 3. e4 d6 4. e5 dxe5 5. Nxe5 e6 6. Bg5 Nbd7 7. f4 Bd6 8. d4 0-0 9. Nd2 Qe8 10. Bd3 c5 11. Ndc4 Bc7 12. Bxf6 Rxf6 13. c3 cxd4 14. cxd4 Nb6 15. Ne3 1/2-1/2

[Event "Regionalliga SO 0910"]
[Site "Bayern"]
[Date "2009.10.18"]
[Round "1.2"]
[White "Firlbeck, Hubert"]
[Black "Poetsch, Klaus"]
[Result "1-0"]
[WhiteElo "2070"]
[BlackElo "2083"]
[PlyCount "81"]
[EventDate "2009.10.18"]
[EventType "team-tourn"]
[EventRounds "9"]
[EventCountry "GER"]
[SourceTitle "EXT 2011"]
[Source "ChessBase"]
[SourceDate "2010.11.26"]
[SourceVersion "1"]
[SourceVersionDate "2010.11.26"]
[SourceQuality "1"]
[WhiteTeam "Deggendorf"]
[BlackTeam "Waldkraiburg"]
[WhiteTeamCountry "GER"]
[BlackTeamCountry "GER"]

1. d4 d5 2. Nf3 c6 3. Bf4 Nf6 4. e3 Nbd7 5. c4 e6 6. Nbd2 Be7 7. h3 b6 8. Rc1 Bb7 9. Bd3 c5 10. 0-0 0-0 11. Qe2 Ne4 12. Rfd1 Bf6 13. Ne5 Nxd2 14. Rxd2 g6 15. cxd5 exd5 16. Ba6 Bxa6 17. Qxa6 cxd4 18. exd4 Bxe5 19. dxe5 Nc5 20. Qb5 d4 21. Be3 Ne6 22. Rcd1 Qh4 23. Bxd4 Rfd8 24. Be3 Rxd2 25. Rxd2 Rd8 26. g3 Qe7 27. Qe2 Rc8 28. Rc2 Re8 29. h4 Ng7 30. Bf4 Nh5 31. Bh6 Qe6 32. a3 Nf6 33. f4 Ng4 34. f5 Qxf5 35. Bf4 Nxe5 36. Kg2 Kg7 37. Rd2 Re6 38. Rd5 Nd3 39. Qxd3 Qxd3 40. Rxd3 Re2+ 41. Kf3 1-0

[Event "Niederbayernliga 0809"]
[Site "Germany"]
[Date "2008.10.05"]
[Round "1.2"]
[White "Firlbeck, Hubert"]
[Black "Brueckl, Edgar"]
[Result "1-0"]
[WhiteElo "2044"]
[BlackElo "1927"]
[PlyCount "71"]
[EventDate "2008.10.05"]
[EventType "tourn"]
[EventRounds "9"]
[EventCountry "GER"]
[SourceTitle "EXT 2010"]
[Source "ChessBase"]
[SourceDate "2010.11.25"]
[SourceVersion "1"]
[SourceVersionDate "2010.11.25"]
[SourceQuality "1"]
[WhiteTeam "Deggendorf"]
[BlackTeam "Rottal II"]
[WhiteTeamCountry "GER"]
[BlackTeamCountry "GER"]

1. d4 d5 2. c4 c6 3. g3 Bf5 4. Bg2 e6 5. Nd2 Bb4 6. Ngf3 dxc4 7. 0-0 c3 8. bxc3 Bxc3 9. Ba3 Bxa1 10. Nc4 Ne7 11. Nd6+ Kf8 12. Qxa1 Qc7 13. Rc1 Nd7 14. Qb2 Qb6 15. Qd2 Rd8 16. Ng5 Bg6 17. d5 cxd5 18. Nc8 Qa6 19. Bxe7+ Ke8 20. Qb4 Qc6 21. Rxc6 bxc6 22. Qb7 h6 23. Qc7 Rxc8 24. Qxc8+ Kxe7 25. Qxh8 hxg5 26. Qxg7 c5 27. h4 gxh4 28. gxh4 c4 29. Qd4 Nb6 30. e4 Kd6 31. exd5 exd5 32. a4 c3 33. Qxc3 Nxa4 34. Qa5 Nc5 35. Qd8+ Nd7 36. Bxd5 1-0

[Event "Regionalliga SO 0708"]
[Site "Bayern"]
[Date "2007.11.04"]
[Round "2.2"]
[White "Gesing, Oliver"]
[Black "Firlbeck, Hubert"]
[Result "1/2-1/2"]
[WhiteElo "2126"]
[BlackElo "1998"]
[PlyCount "81"]
[EventDate "2007.10.21"]
[EventType "team-tourn"]
[EventRounds "9"]
[EventCountry "GER"]
[SourceTitle "EXT 2009"]
[Source "ChessBase"]
[SourceDate "2008.11.26"]
[SourceVersion "1"]
[SourceVersionDate "2008.11.26"]
[SourceQuality "1"]
[WhiteTeam "Graefelfing"]
[BlackTeam "Deggendorf"]
[WhiteTeamCountry "GER"]
[BlackTeamCountry "GER"]

1. e4 c5 2. Nc3 Nc6 3. g3 g6 4. Bg2 Bg7 5. d3 d6 6. f4 e6 7. Nf3 Nge7 8. 0-0 0-0 9. Be3 b6 10. d4 d5 11. exd5 Nf5 12. Bf2 Ncxd4 13. Ne5 exd5 14. Nxd5 Be6 15. c4 Rc8 16. Re1 Ne7 17. Bxd4 cxd4 18. Qxd4 Nc6 19. Qe4 Nxe5 20. fxe5 Re8 21. Qf4 g5 22. Qf2 Rxc4 23. Rad1 Qc8 24. Nf6+ Bxf6 25. Qxf6 Qc5+ 26. Kh1 Qe7 27. Qh6 Rd8 28. Rd6 Rxd6 29. exd6 Qxd6 30. Qxg5+ Kf8 31. Qh5 Kg8 32. Rd1 Rd4 33. Re1 Rc4 34. Qg5+ Kf8 35. Qh6+ Kg8 36. Bf3 Rd4 37. b3 Qd8 38. h4 Bd5 39. Qe3 Bxf3+ 40. Qxf3 Qd5 41. Qxd5 1/2-1/2